Normal view
MARC view
- رعاية المعاقين-الخدمة الإجتماعية
Entry Topical Term
001 - CONTROL NUMBER
- control field: 22755
003 - CONTROL NUMBER IDENTIFIER
- control field: JO-AjAnu
005 - DATE AND TIME OF LATEST TRANSACTION
- control field: 20230606073925.0
008 - FIXED-LENGTH DATA ELEMENTS
- fixed length control field: 230606|| aca||aabn | a|a d
040 ## - CATALOGING SOURCE
- Original cataloging agency: JO-AjAnu
- Transcribing agency: JO-AjAnu
150 ## - HEADING--TOPICAL TERM
- Topical term or geographic name entry element: رعاية المعاقين-الخدمة الإجتماعية
670 ## - SOURCE DATA FOUND
- Source citation: Work cat.: (JO-AjAnu)11694: أورلوف،فرد بي تأليف/السرطاوي،عبد العزيز مترجم/خشان،أيمن إبراهيم مترجم/أبو جودة،وائل موسى تحرير, author 22754, تربية الأطفال ذوي الإعاقات المتعددة، الإتجاه شمولي الإختصاصات